Cromosomopatías autosómicas / (Record no. 177524)

MARC details
000 -LEADER
campo de control de longitud fija 00934nam a22002655i 4500
001 - NÚMERO DE CONTROL
campo de control 177524
003 - IDENTIFICADOR DE NÚMERO DE CONTROL
campo de control ES-MaACL
005 - FECHA Y HORA DE LA ÚLTIMA TRANSACCIÓN
campo de control 20230906220345.0
008 - DATOS DE LONGITUD FIJA--INFORMACIÓN GENERAL
campo de control de longitud fija 110330s1971 sp ao |||| | spa d
080 ## - NÚMERO DE LA CLASIFICACIÓN DECIMAL UNIVERSAL
Número de la Clasificación Decimal Universal 576.32
080 ## - NÚMERO DE LA CLASIFICACIÓN DECIMAL UNIVERSAL
Número de la Clasificación Decimal Universal 616-056.7
100 1# - ENTRADA PRINCIPAL--NOMBRE DE PERSONA
Nombre de persona Ballesta Martínez, Francisca.
9 (RLIN) 145911
245 10 - MENCIÓN DEL TÍTULO
Título Cromosomopatías autosómicas /
Mención de responsabilidad, etc. por Francisca Ballesta Martínez, Antonio Baldellou Vázquez.
250 ## - MENCION DE EDICION
Mención de edición 1ª ed.
260 ## - PUBLICACIÓN, DISTRIBUCIÓN, ETC.
Lugar de publicación, distribución, etc. Barcelona :
Nombre del editor, distribuidor, etc. Espaxs,
Fecha de publicación, distribución, etc. 1971.
300 ## - DESCRIPCIÓN FÍSICA
Extensión 167 p. :
Otras características físicas il. bl. y n. ;
Dimensiones 23 cm.
490 1# - MENCIÓN DE SERIE
Mención de serie Monografías de la Cátedra de Pediatría de Barcelona ;
Designación de volumen o secuencia 2
500 ## - NOTA GENERAL
Nota general Índices.
504 ## - NOTA DE BIBLIOGRAFÍA, ETC.
Nota de bibliografía, etc. Bibliografía: p. 147-164.
650 #4 - PUNTO DE ACCESO ADICIONAL DE MATERIA--TÉRMINO DE MATERIA
Término de materia o nombre geográfico como elemento de entrada Cromosomas humanos-
Subdivisión general Anomalías.
9 (RLIN) 145912
700 1# - ENTRADA AGREGADA--NOMBRE PERSONAL
Nombre de persona Baldellou Vázquez, Antonio.
9 (RLIN) 145913
830 0# - PUNTO DE ACCESO ADICIONAL DE SERIE-TÍTULO UNIFORME
Título uniforme Monografías de la Cátedra de Pediatría de Barcelona ;
Designación de volumen o secuencia 2
9 (RLIN) 224194
852 ## - LOCALIZACIÓN
Ubicación ES-MaACL
Número de control de estantería E-14736
Encuadernación Olim P-1685
Holdings
Estatus retirado Estado de pérdida Estado de daño No para préstamo Biblioteca de origen Biblioteca actual Ubicación en estantería Fecha de adquisición Fuente de adquisición Total de préstamos Signatura topográfica completa Código de barras Visto por última vez Precio de reemplazo Tipo de ítem Koha
        Biblioteca del Ateneo de Madrid Biblioteca del Ateneo de Madrid Depósito 2 30/03/2011     E-14736 1186461 23/02/2023 23/02/2023 Libro impreso